00570nam a22001577a 4500020001800000082001600018100001800034245004600052260004100098300002300139500002000162650007700182942000700259999001700266952012900283 a9788120340862 a621.395 KAN aKant, Krishna aMicroprocessor-Based agri instrumentation aNew Delhi, IndiabPHI Learningc2010 axx, 452 p.bill. ; aIncludes index. a1. Microprocessors. 2. Computer interfaces. 3. Electronic instruments. cBK c12503d12503 001040708NFICaCLbCLcGENd2013-12-27eMulti-Line Booksg688.88l0o621.395 KANpSEECS012863r2024-06-04w2014-01-05yBK